Statystyki dla Kto z Doliny...

Kliknij tutaj aby rozwiązać quiz!

Ogólne statystyki

  • Ten quiz został rozwiązany 6 razy
  • Średni wynik to 12 z 13

Statystyki odpowiedzi

O tej osobieOdpowiedź% Poprawnych
jest za PiSemAleksy
100%
jest daltonistąBlindZ
100%
ma dwie papugiIwos
100%
mieli wspólny kanał na YouTubeKemot
100%
miał dredyKubuć
100%
był daily streamerem na twitchuMientol
100%
mieszka poza PolskąSkabooby
100%
chodzi do najlepszego liceum w małopolsceDecey
83%
mieszka pod ŁodziąFymes
83%
mieli wspólny kanał na YouTubeMaks
83%
został przewrócony w ToiToiuAleksy
67%
mieszkał w NiemczechBlindZ
67%
był daily streamerem na twitchukorea
67%

Rozkład punktacji

Percentyl według liczby udzielonych odpowiedzi

Procent ludzi z każdym wynikiem

Twoja historia wyników

Nie rozwiązałeś tego quizu